<?xml version="1.0" encoding="UTF-8"?>
<collection xmlns="http://www.loc.gov/MARC21/slim">
 <record>
  <leader>00574pamaa2200157   4500</leader>
  <controlfield tag="001">0000024383</controlfield>
  <controlfield tag="005">20070917090000.0</controlfield>
  <datafield tag="020" ind1="0" ind2="0">
   <subfield code="a">0818677988 </subfield>
  </datafield>
  <datafield tag="082" ind1=" " ind2=" ">
   <subfield code="a">005.1068 SPI</subfield>
  </datafield>
  <datafield tag="090" ind1="0" ind2="0">
   <subfield code="a">QA76.76.S73 </subfield>
   <subfield code="b">SPI 1998</subfield>
  </datafield>
  <datafield tag="245" ind1="0" ind2="0">
   <subfield code="a">SPICE : </subfield>
   <subfield code="b">the theory and practice of software improvement and capability determination  </subfield>
   <subfield code="c">edited by Khaled El Emam, Jean-Normand Drouin and Walcelio Melo.</subfield>
  </datafield>
  <datafield tag="260" ind1="0" ind2="0">
   <subfield code="a">Washington: </subfield>
   <subfield code="b">IEEE Computer Society, </subfield>
   <subfield code="c">1998.</subfield>
  </datafield>
  <datafield tag="300" ind1=" " ind2=" ">
   <subfield code="a">xv, 486p.; </subfield>
   <subfield code="c">24cm.</subfield>
  </datafield>
  <datafield tag="500" ind1="0" ind2="0">
   <subfield code="a">Includes 1 CD-ROM titled &quot; Spice&quot;.</subfield>
  </datafield>
  <datafield tag="650" ind1="0" ind2="0">
   <subfield code="a">Computer software -- </subfield>
   <subfield code="x">Standards </subfield>
  </datafield>
  <datafield tag="700" ind1="1" ind2="1">
   <subfield code="a">Khaled El Emam </subfield>
  </datafield>
 </record>
</collection>
